[Event "EU-ch Seniors 50 (Women)"]
[Site "Acqui Terme"]
[Date "2023.06.02"]
[Round "8"]
[White "Makropoulou, Marina"]
[Black "Novak, Simona"]
[Result "1-0"]
[WhiteElo "2081"]
[BlackElo "1622"]
[PlyCount "119"]
[EventDate "2023.05.26"]
[EventType "swiss"]
[EventRounds "9"]
[EventCountry "ITA"]
[SourceTitle "CBM 214 Extra"]
[Source "ChessBase"]
[SourceDate "2023.07.31"]
[SourceVersion "1"]
[SourceVersionDate "2023.07.31"]
[SourceQuality "1"]

1. e4 c6 2. d4 d5 3. Nc3 dxe4 4. Nxe4 Bf5 5. Qf3 Bxe4 6. Qxe4 Nf6 7. Qd3 Qd5 8. Nf3 Qe4+ 9. Qxe4 Nxe4 10. Bd3 Nf6 11. 0-0 Nbd7 12. a4 a5 13. Bd2 e6 14. Rfe1 Bd6 15. g3 0-0 16. Re2 c5 17. Bb5 Nb6 18. c4 Rfd8 19. Bc3 Ne8 20. Rd1 Nc7 21. dxc5 Nxb5 22. cxb5 Bxc5 23. Rxd8+ Rxd8 24. Bxa5 Rd1+ 25. Kg2 Nxa4 26. b3 Bb6 27. bxa4 Bxa5 28. Rc2 h6 29. Rc8+ Kh7 30. Rb8 Rd7 31. Ra8 Bc3 32. Ra7 e5 33. a5 e4 34. Ng1 Bd4 35. b6 Bc5 36. a6 Bxb6 37. Rxb7 Rxb7 38. axb7 Bc7 39. Ne2 f5 40. Nd4 g6 41. Nc6 g5 42. b8Q Bxb8 43. Nxb8 h5 44. Nc6 Kg7 45. Kf1 h4 46. Ke2 Kf6 47. Ke3 Ke6 48. g4 fxg4 49. Kxe4 Kf6 50. Ne5 g3 51. fxg3 Ke6 52. Ng4 hxg3 53. hxg3 Kf7 54. Kf5 Kf8 55. Kxg5 Kg7 56. Ne5 Kf8 57. Kh6 Kg8 58. g4 Kh8 59. Ng6+ Kg8 60. g5 1-0

[Event "EU-ch Seniors 50 (Women)"]
[Site "Acqui Terme"]
[Date "2023.05.31"]
[Round "6"]
[White "Sirletti, Sonia"]
[Black "Novak, Simona"]
[Result "1/2-1/2"]
[WhiteElo "1825"]
[BlackElo "1622"]
[PlyCount "93"]
[EventDate "2023.05.26"]
[EventType "swiss"]
[EventRounds "9"]
[EventCountry "ITA"]
[SourceTitle "CBM 214 Extra"]
[Source "ChessBase"]
[SourceDate "2023.07.31"]
[SourceVersion "1"]
[SourceVersionDate "2023.07.31"]
[SourceQuality "1"]

1. d4 d5 2. Nf3 Nf6 3. c4 e6 4. e3 c6 5. Nbd2 Nbd7 6. b3 Bd6 7. Bb2 0-0 8. Bd3 b6 9. 0-0 Bb7 10. Qe2 Qe7 11. a3 c5 12. cxd5 Nxd5 13. Ne4 cxd4 14. Nxd6 Qxd6 15. Nxd4 Nc5 16. Bc4 Rfd8 17. Rfd1 Qe7 18. a4 Qg5 19. Nf3 Qe7 20. Rd4 Nf6 21. Rad1 Rxd4 22. Rxd4 Rd8 23. Qd1 Rxd4 24. Qxd4 Ncd7 25. Ne5 h6 26. h3 Qc5 27. Nxd7 Qxd4 28. Nxf6+ Qxf6 29. Bxf6 gxf6 30. h4 f5 31. g3 Kg7 32. Kf1 Kf6 33. Ke2 Ke5 34. Kd3 Bg2 35. f4+ Kd6 36. Kd4 f6 37. Bd3 Bc6 38. Bc2 Bf3 39. Bd3 Bd1 40. Kc4 Bf3 41. b4 Bd5+ 42. Kb5 Bb7 43. a5 bxa5 44. Kxa5 Kd5 45. Kb5 Kd6 46. Bc4 Bc8 47. Ka5 1/2-1/2

[Event "Hvar Arsenal blitz op"]
[Site "Hvar"]
[Date "2022.10.11"]
[Round "8"]
[White "Ivancic, Ivan"]
[Black "Novak, Simona"]
[Result "0-1"]
[WhiteElo "1458"]
[BlackElo "1647"]
[PlyCount "158"]
[EventDate "2022.10.11"]
[EventType "swiss (blitz)"]
[EventRounds "11"]
[EventCountry "CRO"]
[SourceTitle "CBM 210 Extra"]
[Source "ChessBase"]
[SourceDate "2022.11.30"]
[SourceVersion "1"]
[SourceVersionDate "2022.11.30"]
[SourceQuality "1"]

1. e4 c6 2. d4 d5 3. exd5 cxd5 4. c4 Nf6 5. Nc3 Be6 6. c5 g6 7. Bb5+ Nbd7 8. Nf3 Bg4 9. h3 Be6 10. Be3 a6 11. Ba4 Bg7 12. 0-0 0-0 13. b4 Rc8 14. Ng5 Bf5 15. Bb3 h6 16. Nf3 Be4 17. Nd2 Bd3 18. Re1 e6 19. Bc2 Bxc2 20. Qxc2 b6 21. f4 bxc5 22. bxc5 Nb8 23. Nf3 Nc6 24. Ne5 Nxe5 25. fxe5 Ne8 26. Qd2 h5 27. Na4 Rb8 28. Nb6 Nc7 29. a4 Qe7 30. Kh2 Kh7 31. Rf1 f6 32. exf6 Bxf6 33. Bh6 Bg7 34. Bxg7 Qxg7 35. Rxf8 Rxf8 36. Qe3 Rf5 37. Nc8 Qf8 38. Nd6 Rf2 39. Rg1 Qf4+ 40. Qxf4 Rxf4 41. Rd1 g5 42. Kg1 Kg6 43. g3 Rf3 44. Kg2 Ra3 45. c6 Rxa4 46. Rb1 Ra2+ 47. Kf3 Ra3+ 48. Ke2 h4 49. gxh4 gxh4 50. Rb7 Nb5 51. Nxb5 axb5 52. c7 Rc3 53. Kd2 b4 54. Rxb4 Rxc7 55. Rb6 Kf6 56. Ke3 Rc3+ 57. Kf4 Rxh3 58. Rb2 Rg3 59. Rh2 Rd3 60. Kg4 Rxd4+ 61. Kf3 e5 62. Ke3 Kf5 63. Rf2+ Kg4 64. Rg2+ Kh3 65. Rg8 Rg4 66. Rf8 Rg3+ 67. Ke2 d4 68. Re8 Rg5 69. Rf8 Kg3 70. Rf3+ Kg4 71. Rf1 h3 72. Rg1+ Kh4 73. Rh1 Rg2+ 74. Kf3 d3 75. Rd1 d2 76. Ke4 Re2+ 77. Kf3 e4+ 78. Kf4 h2 79. Rh1 Kh3 0-1

[Event "Hvar Arsenal blitz op"]
[Site "Hvar"]
[Date "2022.10.11"]
[Round "2"]
[White "Novak, Simona"]
[Black "Babic Sisinacki, Fran"]
[Result "1-0"]
[WhiteElo "1647"]
[BlackElo "1251"]
[PlyCount "45"]
[EventDate "2022.10.11"]
[EventType "swiss (blitz)"]
[EventRounds "11"]
[EventCountry "CRO"]
[SourceTitle "CBM 210 Extra"]
[Source "ChessBase"]
[SourceDate "2022.11.30"]
[SourceVersion "1"]
[SourceVersionDate "2022.11.30"]
[SourceQuality "1"]

1. e4 e5 2. Nf3 Nc6 3. Nc3 Nf6 4. d4 exd4 5. Nxd4 Nxd4 6. Qxd4 Be7 7. h3 0-0 8. Be3 d6 9. 0-0-0 Qd7 10. f3 Re8 11. g4 Qe6 12. Kb1 Bd7 13. g5 Nh5 14. Rg1 f6 15. g6 f5 16. gxh7+ Kxh7 17. Be2 fxe4 18. fxe4 Nf6 19. Rg2 Qxh3 20. Rdg1 Rg8 21. Bc4 Be6 22. Bxe6 Qxe6 23. Rh1+ 1-0

[Event "Nova Gorica op-A 26th"]
[Site "Nova Gorica"]
[Date "2022.09.16"]
[Round "1"]
[White "Hercog, Nusa"]
[Black "Novak, Simona"]
[Result "1-0"]
[WhiteElo "2019"]
[BlackElo "1692"]
[PlyCount "75"]
[EventDate "2022.09.16"]
[EventType "swiss"]
[EventRounds "9"]
[EventCountry "SLO"]
[SourceTitle "CBM 210 Extra"]
[Source "ChessBase"]
[SourceDate "2022.11.30"]
[SourceVersion "1"]
[SourceVersionDate "2022.11.30"]
[SourceQuality "1"]

1. d4 d5 2. c4 c6 3. Nf3 Nf6 4. Nc3 e6 5. cxd5 exd5 6. Bg5 Nbd7 7. Qc2 Qa5 8. Nd2 Bb4 9. e3 0-0 10. Bd3 h6 11. Bh4 Re8 12. 0-0 Bxc3 13. bxc3 Qa3 14. Rae1 b6 15. e4 Ba6 16. Bxa6 Qxa6 17. e5 Nh7 18. f4 c5 19. f5 cxd4 20. cxd4 Rac8 21. Qb3 Qb7 22. f6 g5 23. Bf2 Kh8 24. Qh3 Rg8 25. Qxh6 Rg6 26. Qh5 Ndf8 27. Be3 Ne6 28. Rf3 g4 29. Rf5 Qd7 30. Qh4 Qe8 31. Rh5 Qg8 32. Nf1 Rc2 33. Ng3 Rc3 34. Nf5 Rxe3 35. Rxe3 Neg5 36. Ne7 Qe8 37. Nxg6+ fxg6 38. Rxg5 1-0

[Event "EU-ch Amateur U2000"]
[Site "Zagreb"]
[Date "2022.08.15"]
[Round "2"]
[White "Novak, Simona"]
[Black "Roch, Florian"]
[Result "0-1"]
[WhiteElo "1672"]
[BlackElo "1915"]
[PlyCount "128"]
[EventDate "2022.08.14"]
[EventType "swiss"]
[EventRounds "9"]
[EventCountry "CRO"]
[SourceTitle "CBM 210 Extra"]
[Source "ChessBase"]
[SourceDate "2022.11.30"]
[SourceVersion "1"]
[SourceVersionDate "2022.11.30"]
[SourceQuality "1"]

1. e4 c5 2. Nf3 d6 3. d4 cxd4 4. Nxd4 Nf6 5. Nc3 a6 6. f3 e5 7. Nb3 Be6 8. Be3 Be7 9. Qd2 h5 10. Be2 Nbd7 11. 0-0 Rc8 12. a4 Qc7 13. Rac1 0-0 14. Kh1 Rfe8 15. f4 exf4 16. Bxf4 Ne5 17. Nd4 Qb6 18. Nxe6 fxe6 19. b3 Qc6 20. Bxe5 dxe5 21. Bc4 Rcd8 22. Qe2 Bb4 23. Rf3 Bxc3 24. Rxc3 b5 25. Bxe6+ Qxe6 26. axb5 axb5 27. Qxb5 Nxe4 28. Re3 Nf2+ 29. Kg1 Ng4 30. Re2 Rd5 31. Qc4 Rc8 32. Qe4 Rcd8 33. Rf1 Rd4 34. Qb7 R4d7 35. Qf3 Rd1 36. h3 Rxf1+ 37. Qxf1 Rf8 38. Qe1 Qb6+ 39. Kh1 Nf2+ 40. Kh2 e4 41. b4 Rf6 42. c3 Qd6+ 43. Kg1 Nd3 44. Qh4 Qb6+ 45. Kh2 Qc7+ 46. Qg3 Qxg3+ 47. Kxg3 Re6 48. b5 Nc5 49. h4 Kf7 50. Kf4 Kf6 51. g4 hxg4 52. Kxg4 Ke5 53. Rg2 Rg6+ 54. Kh3 Rxg2 55. Kxg2 Na4 56. c4 Kd4 57. Kf2 Kxc4 58. Ke3 Kd5 59. Kd2 Kd4 60. h5 Nb6 61. Ke2 e3 62. Ke1 Kd3 63. Kd1 Nc4 64. b6 Nxb6 0-1

[Event "SLO-ch 32nd"]
[Site "Radenci"]
[Date "2022.07.06"]
[Round "5"]
[White "Faganel, Kaja"]
[Black "Novak, Simona"]
[Result "0-1"]
[WhiteElo "1494"]
[BlackElo "1676"]
[PlyCount "46"]
[EventDate "2022.07.03"]
[EventType "swiss"]
[EventRounds "9"]
[EventCountry "SLO"]
[SourceTitle "EXT 2023"]
[Source "ChessBase"]
[SourceDate "2022.10.05"]
[SourceVersion "1"]
[SourceVersionDate "2022.10.05"]
[SourceQuality "1"]

1. c4 d5 2. e3 Nf6 3. Nf3 c6 4. Nc3 e6 5. b3 Bd6 6. Bb2 Nbd7 7. Qc2 b6 8. Be2 0-0 9. 0-0 Bb7 10. d4 Qe7 11. e4 dxe4 12. Nxe4 Nxe4 13. Qxe4 Nf6 14. Qc2 c5 15. Rfe1 cxd4 16. Nxd4 Bc5 17. Bd3 Rad8 18. Nb5 Ng4 19. Re2 Qh4 20. h3 Nxf2 21. Rxf2 Rxd3 22. Raf1 Rxh3 23. gxh3 Qxh3 0-1

[Event "Otocec Krka Terme op"]
[Site "Otocec"]
[Date "2021.07.07"]
[Round "6"]
[White "Novak, Simona"]
[Black "Pajek, Tjasa"]
[Result "1/2-1/2"]
[WhiteElo "1699"]
[BlackElo "1745"]
[PlyCount "110"]
[EventDate "2021.07.03"]
[EventType "swiss"]
[EventRounds "9"]
[EventCountry "SLO"]
[SourceTitle "CBM 203 Extra"]
[Source "ChessBase"]
[SourceDate "2021.09.30"]
[SourceVersion "1"]
[SourceVersionDate "2021.09.30"]
[SourceQuality "1"]

1. e4 e5 2. Nf3 Nc6 3. Nc3 Nf6 4. d4 exd4 5. Nxd4 Bb4 6. Nxc6 Bxc3+ 7. bxc3 bxc6 8. Bd3 h6 9. 0-0 0-0 10. h3 Re8 11. Qf3 d5 12. exd5 cxd5 13. Bf4 c5 14. Rad1 Be6 15. Bb5 Bd7 16. Bxd7 Qxd7 17. Bxh6 gxh6 18. Qxf6 Re6 19. Qf5 Rd6 20. Qf4 Rg6 21. Rd3 Kh7 22. Rfd1 Rag8 23. Rg3 Qe6 24. Qf3 Rxg3 25. fxg3 Rd8 26. g4 Kg7 27. a4 Qf6 28. Qg3 Qd6 29. Qf2 Rd7 30. g3 c4 31. Kg2 Qf6 32. Qf5 Qxc3 33. Rf1 Re7 34. h4 Qe5 35. g5 hxg5 36. hxg5 Qxf5 37. Rxf5 Re2+ 38. Kf3 Rd2 39. Ke3 c3 40. a5 d4+ 41. Ke4 Rxc2 42. Kxd4 Rg2 43. Kxc3 Rxg3+ 44. Kb4 Re3 45. Rc5 Re7 46. Kb5 Kg6 47. Ka6 Rd7 48. Rb5 Re7 49. Rb7 Rxb7 50. Kxb7 Kxg5 51. Kxa7 f5 52. Kb7 f4 53. a6 f3 54. a7 f2 55. a8Q f1Q 1/2-1/2

[Event "Otocec Krka Terme op"]
[Site "Otocec"]
[Date "2021.07.03"]
[Round "1"]
[White "Urh, Zala"]
[Black "Novak, Simona"]
[Result "1-0"]
[WhiteElo "2168"]
[BlackElo "1699"]
[PlyCount "72"]
[EventDate "2021.07.03"]
[EventType "swiss"]
[EventRounds "9"]
[EventCountry "SLO"]
[SourceTitle "CBM 203 Extra"]
[Source "ChessBase"]
[SourceDate "2021.09.30"]
[SourceVersion "1"]
[SourceVersionDate "2021.09.30"]
[SourceQuality "1"]

1. d4 d5 2. c4 c6 3. Nf3 Nf6 4. e3 e6 5. b3 Bb4+ 6. Nbd2 Qa5 7. a3 Ne4 8. Bd3 Nxd2 9. Nxd2 Bd6 10. 0-0 Nd7 11. Bb2 0-0 12. e4 Bf4 13. b4 Qd8 14. g3 Bc7 15. cxd5 cxd5 16. e5 a5 17. b5 a4 18. f4 Bb6 19. Nf3 f5 20. exf6 Nxf6 21. Re1 Bd7 22. Ng5 Qe8 23. f5 e5 24. Ne6 Bxb5 25. Nxf8 Kxf8 26. Bxb5 Qxb5 27. Rb1 e4 28. Bc3 Qc6 29. Rc1 Qd7 30. g4 h6 31. h4 Re8 32. g5 hxg5 33. hxg5 Nh7 34. Qh5 Kg8 35. Rc2 Qc7 36. Qxe8+ Nf8 1-0

[Event "Oskarja Memorial 10th"]
[Site "Chess.com INT"]
[Date "2021.01.16"]
[Round "15"]
[White "Novak, Simona"]
[Black "Buljic, Semir"]
[Result "1-0"]
[WhiteElo "1615"]
[BlackElo "1703"]
[PlyCount "119"]
[EventDate "2021.01.16"]
[EventType "swiss (blitz)"]
[EventRounds "15"]
[EventCountry "SLO"]
[SourceTitle "CBM 200 Extra"]
[Source "ChessBase"]
[SourceDate "2021.03.31"]
[SourceVersion "1"]
[SourceVersionDate "2021.03.31"]
[SourceQuality "1"]

1. e4 e5 2. Nf3 Nc6 3. Nc3 Bc5 4. Nxe5 Bxf2+ 5. Kxf2 Nxe5 6. d4 Nc6 7. Be3 Nge7 8. Be2 0-0 9. Rf1 f5 10. exf5 Nxf5 11. Qd2 Qh4+ 12. Kg1 Nxe3 13. Qxe3 Qxd4 14. Qxd4 Nxd4 15. Bc4+ Ne6 16. Rae1 Rxf1+ 17. Kxf1 c6 18. Ne2 d5 19. Bb3 Nc5 20. c4 Nxb3 21. axb3 dxc4 22. bxc4 Be6 23. b3 Rd8 24. Nc1 Bf7 25. Kf2 Kf8 26. Kf3 b5 27. cxb5 cxb5 28. Kf4 Rd2 29. Kf3 Bd5+ 30. Ke3 Rxg2 31. Rd1 Be6 32. Rd8+ Ke7 33. Ra8 Rxh2 34. Rxa7+ Bd7 35. Nd3 Rh3+ 36. Kd4 Kd6 37. Ra6+ Bc6 38. Nb4 Rh4+ 39. Kc3 Rxb4 40. Kxb4 g5 41. Ra7 Bd7 42. Ra6+ Bc6 43. Ra7 h5 44. Rh7 h4 45. Rh5 h3 46. Rxh3 g4 47. Rg3 Bd7 48. Rd3+ Kc7 49. Rg3 Kb6 50. Rd3 Bc6 51. Rd6 g3 52. Rg6 g2 53. Kc3 Kc5 54. Rg5+ Kb6 55. b4 Kc7 56. Kd4 Kd6 57. Rg6+ Kd7 58. Kc5 Kc7 59. Rxc6+ Kd7 60. Rg6 1-0

[Event "Oskarja Memorial 10th"]
[Site "Chess.com INT"]
[Date "2021.01.16"]
[Round "8"]
[White "Stih, Metka"]
[Black "Novak, Simona"]
[Result "0-1"]
[WhiteElo "1171"]
[BlackElo "1615"]
[PlyCount "34"]
[EventDate "2021.01.16"]
[EventType "swiss (blitz)"]
[EventRounds "15"]
[EventCountry "SLO"]
[SourceTitle "CBM 200 Extra"]
[Source "ChessBase"]
[SourceDate "2021.03.31"]
[SourceVersion "1"]
[SourceVersionDate "2021.03.31"]
[SourceQuality "1"]

1. e4 c6 2. Nf3 d5 3. Nc3 Bg4 4. h3 Bxf3 5. Qxf3 e6 6. e5 Qb6 7. Bd3 Nd7 8. 0-0 Nxe5 9. Qf4 Nxd3 10. cxd3 Nf6 11. d4 Rc8 12. d3 Be7 13. Be3 0-0 14. Rfe1 Qc7 15. Qh4 Ne4 16. Bf4 Bxh4 17. Nxe4 Qxf4 0-1

[Event "Portoroz Nat Festival 30th"]
[Site "Portoroz"]
[Date "2020.09.05"]
[Round "3"]
[White "Novak, Simona"]
[Black "Kejzar, Petra"]
[Result "0-1"]
[WhiteElo "1683"]
[BlackElo "2069"]
[PlyCount "64"]
[EventDate "2020.09.03"]
[EventType "swiss"]
[EventRounds "9"]
[EventCountry "SLO"]
[SourceTitle "CBM 198 Extra"]
[Source "ChessBase"]
[SourceDate "2020.11.30"]
[SourceVersion "1"]
[SourceVersionDate "2020.11.30"]
[SourceQuality "1"]

1. e4 c5 2. Nf3 e6 3. Nc3 a6 4. a3 Nc6 5. d4 cxd4 6. Nxd4 Qc7 7. Be3 Nf6 8. f4 d6 9. Qf3 Be7 10. 0-0-0 h5 11. Kb1 Nxd4 12. Bxd4 e5 13. fxe5 Bg4 14. Qg3 dxe5 15. Bxe5 Qc6 16. Re1 0-0 17. h3 Be6 18. Bd3 Rfc8 19. Rhf1 Ne8 20. Nd5 Bf8 21. Rf4 b5 22. Rh4 f6 23. Bc3 a5 24. Nxf6+ Nxf6 25. Bxf6 Bf7 26. Bd4 b4 27. Rf1 Qe6 28. b3 a4 29. Rxf7 Qxf7 30. e5 Rc6 31. Bc4 Rxc4 32. bxc4 bxa3 0-1

[Event "Otocec Krka Terme op"]
[Site "Otocec"]
[Date "2018.12.28"]
[Round "7"]
[White "Novak, Simona"]
[Black "Coz, Jera"]
[Result "1-0"]
[WhiteElo "1699"]
[BlackElo "1482"]
[PlyCount "71"]
[EventDate "2018.12.25"]
[EventType "swiss"]
[EventRounds "9"]
[EventCountry "SLO"]
[SourceTitle "EXT 2020"]
[Source "ChessBase"]
[SourceDate "2019.10.17"]
[SourceVersion "1"]
[SourceVersionDate "2019.10.17"]
[SourceQuality "1"]

1. e4 e6 2. d4 d5 3. Nc3 Be7 4. Qg4 g6 5. e5 c5 6. Be3 cxd4 7. Qxd4 Nc6 8. Bb5 Bd7 9. Bxc6 bxc6 10. Na4 c5 11. Nxc5 Rc8 12. b4 a5 13. c3 f6 14. Nf3 fxe5 15. Nxe5 Bf6 16. Ncxd7 Qxd7 17. Nxd7 Bxd4 18. Bxd4 Kxd7 19. Bxh8 Rxc3 20. Bxc3 axb4 21. Bxb4 Nf6 22. 0-0 e5 23. Rfe1 e4 24. Bc3 Nh5 25. g3 Kd6 26. Bd4 g5 27. Rab1 g4 28. Rb6+ Kc7 29. Rc1+ Kd7 30. Rh6 Nxg3 31. hxg3 e3 32. fxe3 Ke7 33. Rc7+ Kd8 34. Ra7 Kc8 35. Rhxh7 Kb8 36. Rh8# 1-0

[Event "Wch Seniors 50 (Women) 28th"]
[Site "Bled"]
[Date "2018.11.28"]
[Round "10"]
[White "Novak, Simona"]
[Black "Baliuniene, Margarita"]
[Result "0-1"]
[WhiteElo "1699"]
[BlackElo "1927"]
[PlyCount "68"]
[EventDate "2018.11.18"]
[EventType "swiss"]
[EventRounds "11"]
[EventCountry "SLO"]
[SourceTitle "CBM 187 Extra"]
[Source "ChessBase"]
[SourceDate "2018.11.04"]
[SourceVersion "1"]
[SourceVersionDate "2018.11.04"]
[SourceQuality "1"]

1. e4 c5 2. Nf3 Nc6 3. d4 cxd4 4. Nxd4 e6 5. Nc3 Qc7 6. Be3 a6 7. Be2 Nf6 8. 0-0 Bb4 9. f3 Bxc3 10. bxc3 d5 11. Nxc6 bxc6 12. exd5 cxd5 13. Qe1 0-0 14. Bd3 Bd7 15. Kh1 Bb5 16. Bd4 Nd7 17. f4 Nc5 18. Rf3 Nxd3 19. cxd3 Bd7 20. Qh4 f6 21. Rh3 h6 22. Rg3 Kh8 23. Re1 Rae8 24. Rg6 Kh7 25. Qh5 e5 26. fxe5 fxe5 27. Be3 Bf5 28. Rxa6 Qxc3 29. Rd1 e4 30. Bxh6 gxh6 31. Rxh6+ Kg8 32. d4 Qe3 33. Rd6 Re7 34. Qh4 Rh7 0-1